000 00499 a2200193 4500
005 20260214105816.0
008 260212b |||||||| |||| 00| 0 eng d
020 _a9789354356124
_cRs. 699.00
040 _aMAIN
082 _a320.5
_bH51P(7)
100 _aHeywood, Andrew
245 _aPolitical ideologies: An introduction
250 _a7th
260 _bBloomsbury
_c2022
_aNew Delhi
300 _axiv, 292
650 _aPolitical Science
650 _aPolitical Ideologies
942 _cBK
999 _c395063
_d395063